[Event "Botvinnik 100th Open"]
[Site "St Petersburg RUS"]
[Date "2011.08.18"]
[Round "7"]
[White "Toivonen, Alexander V."]
[Black "Korniyuk, Mariya"]
[Result "1/2-1/2"]
[WhiteTitle "FM"]
[BlackTitle "WFM"]
[WhiteElo "2292"]
[BlackElo "2104"]
[WhiteFideId "4107918"]
[BlackFideId "14118874"]
[EventDate "2011.08.12"]

1. d4 Nf6 2. Nc3 d5 3. Bg5 Nbd7 4. Qd3 e6 5. e4 dxe4 6. Nxe4 Be7 7. Bxf6 Nxf6 8.
Nf3 O-O 9. Nxf6+ Bxf6 10. h4 c5 11. O-O-O cxd4 12. Qe4 Qa5 13. Bc4 Rd8 14. Kb1
Bd7 15. Nxd4 Qb4 16. Nb3 Bc6 17. Qg4 Bd5 18. Be2 Qxg4 19. Bxg4 Bxg2 20. Rhg1
Rxd1+ 21. Bxd1 Bd5 22. h5 h6 23. Be2 Kf8 24. f3 Rc8 25. Nd2 Bd4 26. Rd1 f5 27.
c4 Bc6 28. b4 Be3 29. c5 Rd8 30. Nc4 Rxd1+ 31. Bxd1 Bf4 32. a4 Ke7 33. Na5 Bd5
34. Nb3 Be3 35. Kc2 e5 36. Kd3 f4 37. Na5 Bd4 38. Nc4 b6 39. cxb6 axb6 40. a5
bxa5 41. bxa5 Bf7 42. a6 Be8 43. a7 Bc6 44. Na5 Ba8 45. Ba4 Bxa7 46. Bc6 Bb6 47.
Bxa8 Bxa5 48. Be4 1/2-1/2

[Event "Botvinnik 100th Open"]
[Site "St Petersburg RUS"]
[Date "2011.08.18"]
[Round "7"]
[White "Gopkin, Nikolaj"]
[Black "Skvortsov, Alexander"]
[Result "0-1"]
[WhiteElo "2221"]
[BlackElo "2103"]
[WhiteFideId "4134869"]
[BlackFideId "24170038"]
[EventDate "2011.08.12"]

1. d4 Nf6 2. c4 c5 3. d5 b5 4. cxb5 a6 5. bxa6 g6 6. Nc3 Bxa6 7. g3 d6 8. Bg2
Bg7 9. Nf3 O-O 10. O-O Nbd7 11. Re1 Qc7 12. e4 Ng4 13. Bf4 Rfb8 14. Qc2 Bd4 15.
Nd1 Bg7 16. h3 Nge5 17. Nxe5 Nxe5 18. Bxe5 Bxe5 19. Qd2 Ra7 20. Bf1 Bxf1 21.
Kxf1 Qb7 22. Re2 Qa8 23. a3 Rab7 24. Rb1 Bd4 25. Qc2 Qa6 26. Ke1 Rb3 27. Kd2 c4
28. Ke1 c3 29. bxc3 Rxb1 30. cxd4 Qxa3 31. Re3 Qa1 32. Rd3 Rc1 33. Qe2 Rbb1 34.
f3 Rb2 35. Rd2 Rxd1+ 36. Rxd1 Rxe2+ 37. Kxe2 Qb2+ 0-1

[Event "Botvinnik 100th Open"]
[Site "St Petersburg RUS"]
[Date "2011.08.18"]
[Round "7"]
[White "Lagashin, Pavel"]
[Black "Androsov, Sergey"]
[Result "0-1"]
[WhiteElo "2178"]
[BlackElo "2090"]
[WhiteFideId "24132144"]
[BlackFideId "4102681"]
[EventDate "2011.08.12"]

1. d4 d5 2. c4 e6 3. Nf3 Nf6 4. Nc3 Bb4 5. Bg5 h6 6. Bxf6 Qxf6 7. e3 c6 8. Bd3
Nd7 9. O-O Bxc3 10. bxc3 dxc4 11. Bxc4 O-O 12. Nd2 e5 13. Qh5 Re8 14. Ne4 Qe7
15. Nd6 Rf8 16. Qg6 Nb6 17. Bb3 Nd5 18. Nf5 Qg5 19. Qxg5 hxg5 20. Nd6 exd4 21.
cxd4 Rd8 22. Ne4 g4 23. Rac1 Bf5 24. Nc5 b6 25. e4 bxc5 26. exd5 cxd4 27. dxc6
Rac8 28. f3 gxf3 29. Rxf3 Be6 30. Rd3 Rd6 31. c7 Rd7 32. Bxe6 fxe6 33. Re1 Kf7
34. Rf3+ Ke7 35. Rg3 Kd6 36. Rg6 Re7 37. Rd1 Kd5 38. Kf2 Rcxc7 39. Kf3 Rf7+ 40.
Kg3 Rc2 41. Re1 e5 42. Ra6 d3 43. Ra5+ Rc5 44. Rxe5+ Kxe5 45. Rxc5+ Kd4 46. Rc8
d2 47. Rd8+ Kc3 48. Rc8+ Kb2 49. Rd8 Kc1 0-1

[Event "Botvinnik 100th Open"]
[Site "St Petersburg RUS"]
[Date "2011.08.18"]
[Round "7"]
[White "Pen, Pyotr"]
[Black "Emdin, Mark"]
[Result "0-1"]
[WhiteElo "2175"]
[BlackElo "2068"]
[WhiteFideId "24129950"]
[BlackFideId "4100050"]
[EventDate "2011.08.12"]

1. d4 d5 2. Nf3 Nf6 3. Bf4 c5 4. e3 Nc6 5. c3 Qb6 6. Qc1 Bf5 7. Nbd2 h6 8. dxc5
Qxc5 9. Nb3 Qb6 10. Nbd4 Be4 11. Be2 a6 12. Nxc6 bxc6 13. O-O e6 14. a4 Be7 15.
a5 Qb7 16. Ne5 O-O 17. Bd3 Bxd3 18. Nxd3 Ne4 19. b4 Qb5 20. Qc2 c5 21. f3 Nf6
22. bxc5 Bxc5 23. Rfb1 Qc6 24. Qe2 Nd7 25. Ne5 Nxe5 26. Bxe5 Rfc8 27. Qd3 Ra7
28. Rb3 f6 29. Bg3 Rd7 30. Bf2 Ba7 31. Rab1 Qc4 32. Qg6 Qa4 33. h4 Qxa5 34. Rb7
Qa4 35. h5 Qc6 36. Rxd7 Qxd7 37. Qd3 Qc6 38. Ra1 Qxc3 39. Qxc3 Rxc3 40. Rxa6
Bxe3 41. Bxe3 Rxe3 42. Kf2 d4 43. Ra7 Re5 44. g4 d3 45. Ra8+ Kf7 46. Ra7+ Kf8 0-1

[Event "Botvinnik 100th Open"]
[Site "St Petersburg RUS"]
[Date "2011.08.18"]
[Round "7"]
[White "Pimenov, Revolt"]
[Black "Kopasov, Evgeny"]
[Result "1-0"]
[WhiteElo "2173"]
[BlackElo "2064"]
[WhiteFideId "4146590"]
[BlackFideId "4181239"]
[EventDate "2011.08.12"]

1. d4 d5 2. Nf3 Nf6 3. c4 dxc4 4. e3 Bg4 5. Bxc4 e6 6. Qb3 Bxf3 7. gxf3 Nbd7 8.
Nc3 Nb6 9. Be2 Be7 10. Qb5+ c6 11. Qg5 g6 12. Bd2 Qc7 13. Qa5 Nbd5 14. Qxc7 Nxc7
15. e4 O-O 16. O-O Rfd8 17. Be3 Bf8 18. Rac1 Bg7 19. Na4 Nd7 20. Rfd1 Rac8 21.
b4 a6 22. Nb2 Nb8 23. Nc4 Nd7 24. Na5 Rb8 25. Bf4 e5 26. d5 exf4 27. dxc6 Nf8
28. Rxd8 Rxd8 29. cxb7 Nce6 30. Nc6 Nd4 31. Nxd8 Nxe2+ 32. Kf1 Nxc1 33. b8=Q
Nxa2 34. Qb7 1-0

[Event "Botvinnik 100th Open"]
[Site "St Petersburg RUS"]
[Date "2011.08.18"]
[Round "7"]
[White "Abuladze, Lana"]
[Black "Butuc, Maria"]
[Result "0-1"]
[WhiteTitle "WFM"]
[BlackTitle "WIM"]
[WhiteElo "2048"]
[BlackElo "2172"]
[WhiteFideId "24111210"]
[BlackFideId "13902911"]
[EventDate "2011.08.12"]

1. e4 c6 2. c4 d5 3. exd5 cxd5 4. cxd5 Nf6 5. Nc3 Nxd5 6. Nf3 Nc6 7. Bb5 e6 8.
d4 Be7 9. O-O O-O 10. Re1 Nf6 11. Bg5 Nb4 12. a3 Nbd5 13. Bd3 b6 14. Bc2 Ba6 15.
Nxd5 Nxd5 16. Bxe7 Qxe7 17. Ne5 Rac8 18. Rc1 Qg5 19. Qf3 Nf4 20. h4 Ne2+ 21.
Qxe2 Qxc1 22. Rxc1 Bxe2 23. f3 g6 24. Ng4 Bd3 25. Ne3 Rc6 0-1

[Event "Botvinnik 100th Open"]
[Site "St Petersburg RUS"]
[Date "2011.08.18"]
[Round "7"]
[White "Nedostup, Daniil"]
[Black "Balaian, Alina"]
[Result "0-1"]
[WhiteElo "2033"]
[BlackElo "2163"]
[WhiteFideId "24121576"]
[BlackFideId "24115347"]
[EventDate "2011.08.12"]

1. Nc3 e6 2. d4 d5 3. e4 Bb4 4. e5 c5 5. a3 Bxc3+ 6. bxc3 Ne7 7. h4 Nbc6 8. h5
h6 9. Nf3 Qa5 10. Bd2 c4 11. Rh4 Bd7 12. Rf4 Rf8 13. Nh4 Qa4 14. Qg4 Qxc2 15.
Qxg7 O-O-O 16. Rc1 Qb2 17. Rxf7 Rxf7 18. Qxf7 Ng8 19. Ng6 Qxa3 20. Be2 Na5 21.
Bg4 Nb3 22. Rd1 Nxd2 23. Rxd2 Qxc3 24. Nf8 Qa1+ 25. Rd1 Qa5+ 26. Kf1 c3 27. Qf4
Ne7 28. Qxh6 Nf5 29. Bxf5 exf5 30. Nxd7 Kxd7 31. Qh7+ Kc6 32. Qxf5 b5 33. h6 b4
34. h7 b3 35. Qf6+ Kb5 36. h8=Q Rxh8 37. Qxh8 c2 38. Qe8+ Kb4 39. Re1 b2 40.
Qf8+ Kb3 41. Qf3+ Ka2 42. Qe2 Qxe1+ 0-1

[Event "Botvinnik 100th Open"]
[Site "St Petersburg RUS"]
[Date "2011.08.18"]
[Round "7"]
[White "Elkin, Leonid"]
[Black "Filippov, Anton RUS"]
[Result "1-0"]
[WhiteElo "2159"]
[BlackElo "1944"]
[WhiteFideId "13501240"]
[BlackFideId "24104639"]
[EventDate "2011.08.12"]

1. d4 d5 2. c4 c6 3. Nf3 Nf6 4. Nc3 dxc4 5. a4 Bf5 6. e3 e6 7. Bxc4 Bb4 8. O-O
O-O 9. Qe2 Nbd7 10. Rd1 Qa5 11. Bd2 Rac8 12. e4 Bg6 13. e5 Nd5 14. Ne4 Bxd2 15.
Nfxd2 Qb4 16. Nd6 Rb8 17. N2e4 N7b6 18. Bxd5 cxd5 19. Nc5 Ra8 20. Qd2 Qxd2 21.
Rxd2 Nc4 22. Nxc4 dxc4 23. Nxb7 Rab8 24. Nc5 Rb4 25. Rad1 Rc8 26. h3 h6 27. a5
Rb5 28. a6 Rcb8 29. Rc1 Rb4 30. f3 Rd8 31. Kf2 Rd5 32. Ke3 Kf8 33. Ne4 Ra4 34.
Nc3 Rxa6 35. Nxd5 exd5 36. g4 Ke7 37. Rc3 Rb6 38. Ra3 a6 39. Ra5 Ke6 40. Rc5
Rb3+ 41. Kf2 Rb6 42. Rc7 1-0

[Event "Botvinnik 100th Open"]
[Site "St Petersburg RUS"]
[Date "2011.08.18"]
[Round "7"]
[White "Kostyuchenko, Vladimir"]
[Black "Martynenko, Alexey"]
[Result "1-0"]
[WhiteElo "2144"]
[BlackElo "2015"]
[WhiteFideId "4126084"]
[BlackFideId "24102059"]
[EventDate "2011.08.12"]

1. d4 d5 2. Nf3 Nf6 3. c4 c6 4. cxd5 cxd5 5. Nc3 Nc6 6. e3 e6 7. Bd3 Bd6 8. O-O
a6 9. Qe2 Ne7 10. e4 dxe4 11. Nxe4 Nxe4 12. Bxe4 f5 13. Bc2 O-O 14. Re1 Bb4 15.
Rd1 Nd5 16. Bd2 Bxd2 17. Rxd2 Bd7 18. Bb3 Qa5 19. Rc2 Rac8 20. Rac1 Rxc2 21.
Rxc2 Rc8 22. Rxc8+ Bxc8 23. Qe5 Qd8 24. h4 Nc7 25. Qxf5 h6 26. Qe4 Qd6 27. Bc2
Ne8 28. Qh7+ Kf8 29. Qh8+ Ke7 30. Bg6 Bd7 31. Bxe8 Bxe8 32. Qxg7+ 1-0

[Event "Botvinnik 100th Open"]
[Site "St Petersburg RUS"]
[Date "2011.08.18"]
[Round "7"]
[White "Shirokov, Alexander"]
[Black "Nikolaev, Leonid"]
[Result "0-1"]
[BlackTitle "FM"]
[WhiteElo "1888"]
[BlackElo "2342"]
[WhiteFideId "24178071"]
[BlackFideId "14103249"]
[EventDate "2011.08.12"]

1. d4 Nf6 2. Nf3 g6 3. b3 Bg7 4. Bb2 O-O 5. g3 c5 6. c4 cxd4 7. Nxd4 d5 8. Nd2
e5 9. N4f3 e4 10. Nd4 e3 11. fxe3 Ng4 12. Qc2 Nxe3 13. Qd3 Re8 14. Bc3 dxc4 15.
Nxc4 Bxd4 16. Nxe3 Bxe3 17. Qc2 Qd5 0-1

[Event "Botvinnik 100th Open"]
[Site "St Petersburg RUS"]
[Date "2011.08.18"]
[Round "7"]
[White "Dushin, Nikolay"]
[Black "Saduakassova, Dinara"]
[Result "1-0"]
[BlackTitle "WFM"]
[WhiteElo "2010"]
[BlackElo "2244"]
[WhiteFideId "4114612"]
[BlackFideId "13700090"]
[EventDate "2011.08.12"]

1. Nf3 Nf6 2. c4 e6 3. g3 d5 4. Bg2 dxc4 5. Qa4+ c6 6. Qxc4 b5 7. Qc2 Bb7 8. O-O
Nbd7 9. b3 Rc8 10. Bb2 Be7 11. Ne5 Nxe5 12. Bxe5 O-O 13. d3 Nd5 14. Nd2 c5 15.
a3 Qd7 16. Rfc1 Rfd8 17. Bb2 a6 18. Nf3 f6 19. h4 Nb6 20. Rd1 Qe8 21. a4 Nd5 22.
axb5 axb5 23. Ra7 Nb4 24. Qb1 Bd5 25. e4 Ba8 26. Bc3 Nc6 27. Ra2 Rc7 28. Ba5
Nxa5 29. Rxa5 Qd7 30. Ra1 Qc8 31. Ne1 Rcd7 32. Rc1 Rc7 33. Ra2 Bc6 34. Qa1 Qb7
35. Qb2 f5 36. Qe2 fxe4 37. dxe4 Rd4 38. f3 Qb6 39. Kh2 Rcd7 40. Bh3 Bb7 41. Ng2
Rd8 42. Nf4 Bc8 43. Rcc2 Bf6 44. Ra8 Bd7 45. Raa2 Be5 46. Ng2 Bc8 47. f4 Bf6 48.
e5 Be7 49. Rc3 Bb7 50. Qg4 Bc8 51. Qe2 Bd7 52. Rd3 Rxd3 53. Qxd3 Be8 54. Qf3 Bf7
55. h5 h6 56. f5 exf5 57. Bxf5 Bg5 58. Nf4 Bxf4 59. gxf4 c4 60. bxc4 Bxc4 61.
Ra8 Qd4 62. e6 Qd6 63. Kg3 Rf8 64. Qe4 Qe7 65. Bh7+ Kh8 66. Rxf8+ Qxf8 67. e7
Qe8 68. Bg6 Bd5 69. Qxd5 1-0

[Event "Botvinnik 100th Open"]
[Site "St Petersburg RUS"]
[Date "2011.08.18"]
[Round "7"]
[White "Kiselev, Pavel"]
[Black "Opanasenko, Mikhail"]
[Result "1-0"]
[WhiteElo "2191"]
[BlackElo "2017"]
[WhiteFideId "4191102"]
[BlackFideId "24176834"]
[EventDate "2011.08.12"]

1. d4 Nf6 2. Nf3 e6 3. Bg5 b6 4. e3 Bb7 5. Bd3 d5 6. O-O Be7 7. Nbd2 O-O 8. c4
Nbd7 9. Rc1 Rc8 10. cxd5 exd5 11. Qa4 a5 12. Bf5 Ra8 13. Bxd7 Nxd7 14. Bxe7 Qxe7
15. Rxc7 Bc8 16. Ne5 Qd6 17. Rxd7 Bxd7 18. Qxd7 Qb4 19. Nb3 Rad8 20. Qb7 Rb8 21.
Qxd5 Rbd8 22. Qc4 Qxc4 23. Nxc4 1-0

[Event "Botvinnik 100th Open"]
[Site "St Petersburg RUS"]
[Date "2011.08.18"]
[Round "7"]
[White "Burkov, German A."]
[Black "Latonin, Mikhail"]
[Result "1/2-1/2"]
[WhiteElo "2162"]
[BlackElo "1968"]
[WhiteFideId "24132560"]
[BlackFideId "24138550"]
[EventDate "2011.08.12"]

1. e4 e6 2. d3 d5 3. Nd2 Nf6 4. g3 c5 5. Bg2 Nc6 6. Ngf3 Be7 7. O-O O-O 8. Re1
b5 9. e5 Nd7 10. Nf1 Qc7 11. Bf4 a5 12. h4 a4 13. a3 b4 14. N1h2 bxa3 15. bxa3
Ba6 16. Ng4 Rfb8 17. h5 Qd8 18. Qc1 c4 19. dxc4 Bxc4 20. h6 g6 21. Nf6+ Nxf6 22.
exf6 Bd6 23. Bh3 Qc7 24. Qe3 e5 25. Bxe5 Nxe5 26. Nxe5 Re8 27. Nxc4 Rxe3 28.
Nxe3 Bc5 29. Bg2 Rd8 30. Rad1 Bxe3 31. Rxe3 Kf8 32. Rxd5 Rxd5 33. Bxd5 Qxc2 34.
Kg2 Qf5 35. Bc6 Qc8 36. Be4 Qe6 37. Bf3 Qxf6 38. Re4 Qa6 39. Rb4 g5 40. Rb8+ Ke7
41. Rb7+ Ke6 42. Rb4 f5 43. g4 fxg4 44. Bxg4+ Ke5 45. Bd1 Qc6+ 46. Bf3 Qxh6 47.
Rxa4 Qg6 48. Re4+ Kd6 49. Rc4 Qf7 50. Rc6+ Ke5 51. Rc5+ Kf4 52. Rb5 h5 53. Rb4+
Ke5 54. Rb5+ Kf4 1/2-1/2

[Event "Botvinnik 100th Open"]
[Site "St Petersburg RUS"]
[Date "2011.08.18"]
[Round "7"]
[White "Safronov, Kirill"]
[Black "Kaganov, Dmitry"]
[Result "1/2-1/2"]
[WhiteElo "1942"]
[BlackElo "2160"]
[WhiteFideId "24141976"]
[BlackFideId "4112482"]
[EventDate "2011.08.12"]

1. Nf3 Nf6 2. g3 g6 3. Bg2 Bg7 4. O-O O-O 5. d3 c5 6. e4 Nc6 7. Re1 d6 8. c3 Rb8
9. Bf4 Nh5 10. Be3 e5 11. Nbd2 b5 12. Nf1 h6 13. d4 cxd4 14. cxd4 Bg4 15. d5 Nd4
16. Bxd4 exd4 17. Qd3 Qb6 18. N1d2 Rbc8 19. Rac1 Rfe8 20. h3 Bxf3 21. Nxf3 Nf6
22. Rxc8 Rxc8 23. Rd1 Nd7 24. Nxd4 Rc4 25. Nc6 Bxb2 26. Qd2 Bg7 27. Rb1 a6 28.
Kh2 Qc5 29. Qa5 Bf6 30. Qxa6 Rc2 31. Rf1 Rxf2 32. Qc8+ Nf8 33. e5 dxe5 34. d6
Rxg2+ 35. Kxg2 Qxd6 36. Rf2 Kg7 37. Na5 Qd5+ 38. Kh2 Ne6 39. Qc6 Qd4 40. Qf3 e4
41. Qe2 Bg5 42. Nb3 Qd5 43. h4 Bf6 44. Qe3 Be5 45. Re2 f5 46. Kg2 g5 47. Qa7+
Kg6 48. Rd2 Qc4 49. Qe7 1/2-1/2

[Event "Botvinnik 100th Open"]
[Site "St Petersburg RUS"]
[Date "2011.08.18"]
[Round "7"]
[White "Azimova, Karina"]
[Black "Timirev, Sergey"]
[Result "1/2-1/2"]
[WhiteElo "2087"]
[BlackElo "1823"]
[WhiteFideId "4108310"]
[BlackFideId "24181676"]
[EventDate "2011.08.12"]

1. e4 c5 2. Nf3 Nc6 3. d4 cxd4 4. Nxd4 Nf6 5. Nc3 d6 6. Be2 e5 7. Nf3 h6 8. O-O
Be6 9. Re1 Be7 10. Bf1 Bg4 11. h3 Bxf3 12. Qxf3 Nd4 13. Qd1 O-O 14. Be3 Ne6 15.
Bc4 a6 16. a4 Rc8 17. Bd5 Nxd5 18. Nxd5 Bg5 19. Ra3 Bxe3 20. Nxe3 Qg5 21. Nf5
Rfd8 22. Rg3 Qf6 23. Ne3 Nf4 24. Nf5 Ne6 25. Ne3 1/2-1/2

[Event "Botvinnik 100th Open"]
[Site "St Petersburg RUS"]
[Date "2011.08.18"]
[Round "7"]
[White "Kharchenko, Daniil"]
[Black "Atlas, Eduard"]
[Result "1/2-1/2"]
[WhiteElo "1938"]
[BlackElo "2069"]
[WhiteFideId "24101664"]
[BlackFideId "24111767"]
[EventDate "2011.08.12"]

1. e4 c5 2. Nf3 d6 3. d4 cxd4 4. Qxd4 Nc6 5. Bb5 Bd7 6. Bxc6 Bxc6 7. Nc3 e5 8.
Qd3 Nf6 9. Bg5 Be7 10. O-O-O Ng4 11. Bxe7 Qxe7 12. Qe2 Nf6 13. Rhe1 O-O 14. h3
Rac8 15. Kb1 a6 16. Nh2 Rfd8 17. Ng4 Nd7 18. Ne3 Nb6 19. Rd2 g6 20. Red1 Qe6 21.
Qg4 Qf6 22. h4 h5 23. Qg5 Qxg5 24. hxg5 Na4 25. Nxa4 Bxa4 26. b3 Bc6 27. f3 Kf8
28. Rxd6 Rxd6 29. Rxd6 Ke7 30. Rd1 1/2-1/2

[Event "Botvinnik 100th Open"]
[Site "St Petersburg RUS"]
[Date "2011.08.18"]
[Round "7"]
[White "Tkachev, Ivan"]
[Black "Khatenever, Feliks"]
[Result "1-0"]
[WhiteElo "2047"]
[BlackElo "1849"]
[WhiteFideId "4186885"]
[BlackFideId "4131800"]
[EventDate "2011.08.12"]

1. d4 c5 2. Nf3 e6 3. c4 cxd4 4. Nxd4 Nf6 5. Nc3 a6 6. g3 d6 7. Bg2 Be7 8. O-O
Qc7 9. Qd3 Nc6 10. Nxc6 bxc6 11. Na4 Rb8 12. c5 d5 13. Qc3 O-O 14. Bf4 Qa7 15.
Bxb8 Qxb8 16. Nb6 e5 17. Nxc8 Rxc8 18. b4 Rd8 19. a3 h5 20. e3 e4 21. f3 h4 22.
Qe1 Qe5 23. Qf2 Qh5 24. g4 Qg5 25. h3 exf3 26. Qxf3 Rf8 27. Qf4 Nd7 28. Qxg5
Bxg5 29. e4 Be3+ 30. Kh1 d4 31. Rfd1 Ne5 32. Bf1 Ra8 33. a4 Kf8 34. b5 Nd7 35.
bxc6 Nxc5 36. Rab1 Rc8 37. Rb6 Rc7 38. a5 Ke7 39. Bxa6 Nxe4 40. Kg2 Kd6 41. Bb7
Nc3 42. Ra1 Nd5 43. Rb3 Re7 44. a6 d3 45. Rxd3 Kc5 46. Rxd5+ 1-0

[Event "Botvinnik 100th Open"]
[Site "St Petersburg RUS"]
[Date "2011.08.18"]
[Round "7"]
[White "Novoselov, Igor"]
[Black "Antipova, Anastasia"]
[Result "0-1"]
[WhiteElo "1964"]
[BlackElo "1794"]
[WhiteFideId "24193950"]
[BlackFideId "24178705"]
[EventDate "2011.08.12"]

1. e4 c5 2. Nc3 Nc6 3. g3 g6 4. Bg2 Bg7 5. Nge2 e6 6. O-O Nge7 7. d3 O-O 8. Be3
Nd4 9. Qd2 d6 10. f4 Rb8 11. Rf2 b5 12. Raf1 d5 13. Bxd4 cxd4 14. Nd1 dxe4 15.
dxe4 Qb6 16. Kh1 Bb7 17. g4 f5 18. gxf5 exf5 19. Ng3 fxe4 20. Nxe4 Nf5 21. Qd3
Rbe8 22. Re1 Nd6 23. Rfe2 Nxe4 24. Bxe4 Rxf4 25. Nf2 Ref8 26. Kg1 Bxe4 27. Nxe4
Rf3 28. Qd2 d3+ 29. Rf2 Bd4 30. Rf1 Be3 31. Qxd3 Bxf2+ 0-1

[Event "Botvinnik 100th Open"]
[Site "St Petersburg RUS"]
[Date "2011.08.18"]
[Round "7"]
[White "Zakharov, Yuri"]
[Black "Tarasov, Ilya"]
[Result "0-1"]
[WhiteElo "1878"]
[BlackElo "2006"]
[WhiteFideId "4166620"]
[BlackFideId "24157945"]
[EventDate "2011.08.12"]

1. Nf3 c5 2. g3 Nc6 3. Bg2 g6 4. O-O Bg7 5. d3 d6 6. e4 Nf6 7. c3 O-O 8. Nbd2
Bg4 9. Qc2 Qd7 10. Re1 Rac8 11. a4 e5 12. Nc4 h6 13. a5 Be6 14. Bd2 Ng4 15. Ne3
Nxe3 16. Bxe3 f5 17. exf5 gxf5 18. Qa4 Qf7 19. Rf1 Ne7 20. d4 Bd5 21. dxe5 dxe5
22. Qa3 b6 23. Rad1 f4 24. Bc1 e4 25. Nh4 f3 26. Bh3 Be6 27. Bxe6 Qxe6 28. Kh1
Nf5 29. axb6 axb6 30. Qa7 Rf7 31. Qa4 Bf6 32. Rde1 Bxh4 33. gxh4 c4 34. Rg1+ Kh8
35. h5 Nh4 36. Be3 Ng2 37. Bd4+ Kh7 38. Ref1 Rc6 39. Qb5 Rf5 40. Qa4 Ra5 41. Qb4
Qf7 42. Ra1 Rxh5 43. Ra7 Rc7 44. Rga1 Rxa7 0-1

[Event "Botvinnik 100th Open"]
[Site "St Petersburg RUS"]
[Date "2011.08.18"]
[Round "7"]
[White "Babaev, David"]
[Black "Zheleznaykov, Peter"]
[Result "1-0"]
[WhiteElo "1846"]
[BlackElo "1962"]
[WhiteFideId "4161408"]
[BlackFideId "24104620"]
[EventDate "2011.08.12"]

1. e4 d6 2. d4 Nf6 3. Nc3 g6 4. f3 Bg7 5. Be3 O-O 6. Bd3 c6 7. Nge2 Qc7 8. O-O
b6 9. Rb1 Bb7 10. Qc1 Re8 11. Nd1 Nbd7 12. c4 e5 13. Ndc3 a6 14. d5 c5 15. Kh1
h5 16. b4 cxb4 17. Rxb4 Nc5 18. Qb1 Nfd7 19. Bxc5 dxc5 20. Rb2 Reb8 21. a4 Bc8
22. Rc1 Bh6 23. Rcc2 Nf6 24. Rb3 Rb7 25. Rcb2 Rab8 26. Nd1 Bd7 27. Nec3 h4 28.
Bf1 Kg7 29. a5 b5 30. cxb5 Bxb5 31. Nxb5 axb5 32. Rxb5 Rxb5 33. Rxb5 Ra8 34. Qa2
Ne8 35. Qa3 Rc8 36. Qb2 Bf4 37. Rb6 Ra8 38. a6 c4 39. Qb4 Bd2 40. d6 Qd8 41. Qc5
c3 42. Rc6 Qg5 43. d7 Nf6 44. Qe7 Nxd7 45. Qxd7 Rd8 46. Qa7 Be1 47. Rc7 Qf4 48.
Nxc3 Bxc3 49. Rxc3 Rd1 50. Kg1 h3 51. Qe3 hxg2 52. Kxg2 Qf6 53. Rc1 Rd4 54. Kh1
Qb6 55. Qc3 Qb8 56. Qc7 Qb3 57. Qxe5+ 1-0

[Event "Botvinnik 100th Open"]
[Site "St Petersburg RUS"]
[Date "2011.08.18"]
[Round "7"]
[White "Kazantsev, Alexandr"]
[Black "Bezulenko, Evgeny"]
[Result "0-1"]
[WhiteElo "1958"]
[BlackElo "1928"]
[WhiteFideId "24181668"]
[BlackFideId "24105996"]
[EventDate "2011.08.12"]

1. e4 g6 2. d4 Bg7 3. Nc3 d6 4. Nf3 Nf6 5. Be2 c6 6. O-O O-O 7. h3 b5 8. a3 a6
9. Be3 Qc7 10. Qd2 Re8 11. Rad1 Nbd7 12. Bh6 Bb7 13. Qg5 e5 14. Bxg7 Kxg7 15.
dxe5 dxe5 16. Rd2 h6 17. Qe3 Qb6 18. Qxb6 Nxb6 19. Rfd1 a5 20. Bd3 b4 21. Na2 c5
22. Bb5 Re7 23. Nc1 Nxe4 24. Re2 Nc8 25. Nd3 Ncd6 26. Nxc5 Nxb5 27. Nxe4 bxa3
28. Nc3 Bxf3 29. gxf3 Nd4 30. Rxd4 exd4 31. Rxe7 axb2 32. Nb1 Rc8 33. Kf1 Rxc2
34. Re1 d3 35. Rd1 a4 36. Ke1 Rc1 37. Na3 Ra1 0-1

[Event "Botvinnik 100th Open"]
[Site "St Petersburg RUS"]
[Date "2011.08.18"]
[Round "7"]
[White "Bezobrazov, Lev"]
[Black "Fedoseeva, Valentina"]
[Result "0-1"]
[WhiteElo "1689"]
[BlackElo "1885"]
[WhiteFideId "4152409"]
[BlackFideId "4169875"]
[EventDate "2011.08.12"]

1. e4 e5 2. Nf3 Nc6 3. Bc4 Nf6 4. d4 exd4 5. O-O Be7 6. e5 Ne4 7. Bd5 Nc5 8.
Bxc6 dxc6 9. Qxd4 Bf5 10. b4 Nd7 11. Qb2 Nb6 12. a4 Bg4 13. Nfd2 Qd5 14. Re1 O-O
15. Ra3 Nc4 16. Nxc4 Qxc4 17. Rb3 Bf5 18. Na3 Qd5 19. c4 Qe6 20. Bf4 Rfd8 21. c5
b6 22. cxb6 axb6 23. h3 Rxa4 24. g4 Bd3 25. Bd2 c5 26. bxc5 Bxc5 27. Nb5 Bxb5
28. Rxb5 Ra2 0-1

[Event "Botvinnik 100th Open"]
[Site "St Petersburg RUS"]
[Date "2011.08.18"]
[Round "7"]
[White "Sieghardt, Walter"]
[Black "Dzhavathanov, Magomed"]
[Result "0-1"]
[WhiteElo "1681"]
[BlackElo "1794"]
[WhiteFideId "24633836"]
[BlackFideId "24106020"]
[EventDate "2011.08.12"]

1. d4 Nf6 2. c4 g6 3. Nc3 Bg7 4. Nf3 O-O 5. g3 c5 6. d5 d6 7. Bg2 e5 8. e4 h6 9.
O-O Bg4 10. h3 Bd7 11. Be3 Na6 12. a3 b6 13. Qc2 Nc7 14. b4 Nfe8 15. bxc5 dxc5
16. Nh4 Nd6 17. Qd3 Nce8 18. Nb5 Nxb5 19. cxb5 Nd6 20. a4 Qe8 21. Ra2 f5 22.
exf5 gxf5 23. Qe2 f4 24. Bc1 Bf6 25. Kh2 Bg5 26. Bf3 e4 27. Bh1 Bxh4 28. gxh4 f3
29. Rg1+ Kh7 30. Qe3 Qh5 31. Bb2 Rf7 32. Qc3 Nf5 33. Qe5 Re8 34. Qc3 Nd4 35. Qe3
Qxh4 36. Rg3 Nf5 37. Rg4 Qxg4 38. hxg4 Nxe3 39. fxe3 f2 0-1

[Event "Botvinnik 100th Open"]
[Site "St Petersburg RUS"]
[Date "2011.08.19"]
[Round "8"]
[White "Khismatullin, Denis"]
[Black "Ponkratov, Pavel"]
[Result "1/2-1/2"]
[WhiteTitle "GM"]
[BlackTitle "GM"]
[WhiteElo "2656"]
[BlackElo "2593"]
[WhiteFideId "4142578"]
[BlackFideId "4157800"]
[EventDate "2011.08.12"]

1. d4 Nf6 2. c4 e6 3. Nc3 Bb4 4. Qc2 d5 5. a3 Bxc3+ 6. Qxc3 O-O 7. Nf3 dxc4 8.
Qxc4 b6 9. Bg5 Ba6 10. Qa4 c5 11. dxc5 bxc5 12. Rd1 Qb6 13. Bxf6 gxf6 14. Qg4+
Kh8 15. Rd2 Nc6 16. Qh4 Kg7 17. Qg4+ Kh8 18. Qh4 Kg7 19. Qg4+ Kh8 20. Qh4 1/2-1/2

[Event "Botvinnik 100th Open"]
[Site "St Petersburg RUS"]
[Date "2011.08.19"]
[Round "8"]
[White "Aleksandrov, Aleksej"]
[Black "Sedlak, Nikola"]
[Result "1/2-1/2"]
[WhiteTitle "GM"]
[BlackTitle "GM"]
[WhiteElo "2609"]
[BlackElo "2580"]
[WhiteFideId "13500139"]
[BlackFideId "922900"]
[EventDate "2011.08.12"]

1. d4 d5 2. c4 c6 3. cxd5 cxd5 4. Nc3 Nf6 5. Nf3 Nc6 6. Bf4 Bf5 7. e3 e6 8. Bd3
Bxd3 9. Qxd3 Bd6 10. Bxd6 Qxd6 11. O-O O-O 12. Rfc1 Rfc8 13. a3 a6 14. Rc2 Rc7
15. Rac1 Rac8 16. Ne2 Ne7 17. Rxc7 Rxc7 18. Rxc7 Qxc7 19. Qc3 Qxc3 20. Nxc3 Nc6
21. Kf1 Kf8 22. Kg1 Kg8 23. Kf1 Kf8 24. Kg1 Kg8 25. Kf1 Kf8 26. Kg1 Kg8 1/2-1/2